000
00280nam a2200109Ia 4500
008
200302s9999 xx 000 0 und d
100
_a
D. J. Duffin
245
_a
The Essentials of Modern Carpet Installation
260
_b
D. Van Nostrand Co. Inc.
260
_c
1962
300
_a
324 P.,
999
_c
428
_d
428